| 000 | 00435nam a2200157Ia 4500 | ||
|---|---|---|---|
| 008 | 210716s1994 xx 000 0 und d | ||
| 020 | _a0471584703 | ||
| 041 | _aeng | ||
| 082 | _a657.3 WHIG | ||
| 100 | _aWhite, Gerald I;Sondhi, Ashwinpaul C;Fried, Dov. | ||
| 245 | _aAnalysis and use of financial statements. | ||
| 250 | _a1 | ||
| 260 |
_aNew York _bJohn Wiley and Sons _c1994 |
||
| 300 | _axvii,1198 | ||
| 650 | _aAccounting(657) | ||
| 999 |
_c201114 _d201114 |
||